01317nam a2200325Ia 4500001001200000003000800012006001900020007001500039008004100054010001700095020004200112040002100154035002100175050002700196100002100223245010800244260004800352300001700400504005100417533015200468610002500620650003300645650002100678650004800699651005500747655002900802710001700831856012600848999001700974ebr10346475CaPaEBRm u cr cn|||||||||090402s2009 nyu sb 001 0 eng d z 2009012860 z9780195381368 (hardback : alk. paper) aCaPaEBRcCaPaEBR a(OCoLC)64685366914aHV6433.85b.M84 2009eb1 aMueller, John E.10aAtomic obsessionh[electronic resource] :bnuclear alarmism from Hiroshima to al Qaeda /cJohn Mueller. aNew York :bOxford University Press,c2009. axiii, 319 p. aIncludes bibliographical references and index. aElectronic reproduction.bPalo Alto, Calif. :cebrary,d2010.nAvailable via World Wide Web.nAccess may be limited to ebrary affiliated libraries.20aQaida (Organization) 0aWar on Terrorism, 2001-2009. 0aNuclear weapons. 0aWorld War, 1939-1945zJapanzHiroshima-shi. 0aHiroshima-shi (Japan)xHistoryyBombardment, 1945. 7aElectronic books.2local2 aebrary, Inc.40uhttp://site.ebrary.com/lib/rucke/Doc?id=10346475zAn electronic book accessible through the World Wide Web; click to view c48345d48345